[Event "Landsturneringen 2009, Mester"]
[Site "Bergen"]
[Date "2009.07.11"]
[Round "8"]
[White "Eriksen, Terje"]
[Black "Borchgrevink, Harald B"]
[Result "1/2-1/2"]
[WhiteElo "2087"]
[BlackElo "2283"]
[PlyCount "169"]
[EventDate "2009.07.09"]
[EventType "swiss"]
[EventRounds "9"]
[EventCountry "NOR"]
[SourceDate "2009.07.06"]

1. Nf3 Nf6 2. c4 c5 3. Nc3 b6 4. g3 Bb7 5. Bg2 g6 6. d4 cxd4 7. Qxd4 Bg7 8. O-O
O-O 9. Qh4 h5 10. Bg5 d6 11. Rfd1 Nbd7 12. Rac1 Rc8 13. b3 Re8 14. e4 Nh7 15.
Bd2 Nc5 16. Ne1 Qd7 17. Qh3 Qd8 18. f3 Rc7 19. Bf1 Rd7 20. Qg2 e6 21. b4 Na6
22. a3 Nc7 23. Bf4 g5 24. Be3 d5 25. cxd5 exd5 26. Qd2 Qe7 27. Bf2 Red8 28.
Nxd5 Nxd5 29. exd5 Rxd5 30. Qe2 Qxe2 31. Bxe2 Rxd1 32. Rxd1 Rxd1 33. Bxd1 Bc3
34. Kf1 Nf6 35. Ke2 Ba6+ 36. Ke3 Bb2 37. Nc2 Nd5+ 38. Kd2 Nc3 39. Be3 Nb1+ 40.
Ke1 f6 41. a4 Bc3+ 42. Kf2 Bd3 43. a5 bxa5 44. bxa5 a6 45. Bb6 Kf7 46. Ke3 Bg6
47. Nd4 Bd2+ 48. Ke2 Bb4 49. Bb3+ Kf8 50. Bc4 Nc3+ 51. Kf1 Na4 52. Bxa6 Nxb6
53. axb6 Be8 54. Bb5 Bf7 55. Ke2 Bd5 56. Bc6 Bc4+ 57. Ke3 Bd6 58. Ke4 h4 59.
Nf5 Bb8 60. gxh4 Bxh2 61. h5 Bf7 62. h6 Bg6 63. Bd7 Kg8 64. Kd5 Kh7 65. Ke6
Bxf5+ 66. Kxf5 Be5 67. b7 Kxh6 68. Be8 Kg7 69. Ke6 Bg3 70. Bh5 Bf4 71. Bg4 Be5
72. Bh3 Kh6 73. Bg4 Kg6 74. Kd5 Bf4 75. Ke6 Be5 76. Bf5+ Kh5 77. Kd7 Kh4 78.
Kc8 Kg3 79. Be4 Kf4 80. Bc6 f5 81. b8=Q Bxb8 82. Kxb8 g4 83. fxg4 Kxg4 84. Bd7
Kg5 85. Bxf5 1/2-1/2

[Event "Landsturneringen 2009, Mester"]
[Site "Bergen"]
[Date "2009.07.11"]
[Round "8"]
[White "Flaata, Alexander R"]
[Black "Danielsen, Magnus"]
[Result "1/2-1/2"]
[WhiteElo "1990"]
[BlackElo "1988"]
[PlyCount "80"]
[EventDate "2009.07.09"]
[EventType "swiss"]
[EventRounds "9"]
[EventCountry "NOR"]
[SourceDate "2009.07.06"]

1. d4 Nf6 2. Bg5 e6 3. e3 b6 4. Nf3 Bb7 5. Bd3 h6 6. Bh4 g5 7. Bg3 Ne4 8. Nbd2
Nxg3 9. hxg3 Bg7 10. c3 d6 11. Qe2 c5 12. O-O-O Qc7 13. Kb1 Nc6 14. Ba6 O-O-O
15. g4 d5 16. Rh3 Rd7 17. Rhh1 Rhd8 18. Nf1 f5 19. gxf5 exf5 20. Ng3 Rf7 21.
Bxb7+ Kxb7 22. Qc2 Ne7 23. Nh5 Bh8 24. Nd2 f4 25. dxc5 Qxc5 26. Nb3 Qc7 27.
exf4 gxf4 28. g3 fxg3 29. fxg3 Be5 30. Qg2 Rdf8 31. Nf4 Bxf4 32. gxf4 Qxf4 33.
Rxd5 Nxd5 34. Qxd5+ Kb8 35. Nd4 Rc8 36. Nc6+ Rxc6 37. Qxc6 Qf5+ 38. Kc1 Qg5+
39. Kb1 Qf5+ 40. Kc1 Qg5+ 1/2-1/2

[Event "Landsturneringen 2009, Mester"]
[Site "Bergen"]
[Date "2009.07.11"]
[Round "8"]
[White "Havik, Victor"]
[Black "Vea, Odin Blikra"]
[Result "0-1"]
[WhiteElo "1998"]
[BlackElo "2139"]
[PlyCount "96"]
[EventDate "2009.07.09"]
[EventType "swiss"]
[EventRounds "9"]
[EventCountry "NOR"]
[SourceDate "2009.07.06"]

1. d4 f5 2. c4 g6 3. Nf3 Nf6 4. g3 Bg7 5. Bg2 O-O 6. Nc3 d6 7. O-O Qe8 8. d5 a5
9. Nd4 Na6 10. Re1 Nc5 11. Ncb5 Qd8 12. Rb1 Bd7 13. b3 h6 14. a3 Qc8 15. b4
axb4 16. axb4 Nce4 17. f3 Ng5 18. h4 Nf7 19. f4 c6 20. dxc6 bxc6 21. Nc3 e5 22.
Nb3 Nh5 23. Qd3 Rb8 24. Na5 e4 25. Nxe4 fxe4 26. Bxe4 Bf5 27. Nxc6 Qxc6 28.
Bxc6 Bxd3 29. exd3 Nxg3 30. b5 Nf5 31. h5 gxh5 32. Kh2 Nd8 33. Bd5+ Kh8 34. Re4
Nb7 35. Ba3 Nc5 36. Bxc5 dxc5 37. b6 Bf6 38. Re2 Bd8 39. Re6 Bc7 40. Kh3 Bxf4
41. Rc6 Ne7 42. Rxc5 Bd6 43. Ra5 Rf2 44. Rh1 Ng6 45. b7 Rbf8 46. Bc6 Nf4+ 47.
Kh4 Rg8 48. Bd7 Be7+ 0-1

[Event "Landsturneringen 2009, Mester"]
[Site "Bergen"]
[Date "2009.07.11"]
[Round "8"]
[White "Horda, Carl Eric"]
[Black "Karlsen, Terje"]
[Result "1/2-1/2"]
[WhiteElo "2003"]
[BlackElo "2045"]
[PlyCount "64"]
[EventDate "2009.07.09"]
[EventType "swiss"]
[EventRounds "9"]
[EventCountry "NOR"]
[SourceDate "2009.07.06"]

1. d4 e6 2. c4 f5 3. g3 Nf6 4. Bg2 d5 5. Nf3 c6 6. O-O Bd6 7. Qc2 O-O 8. Bf4
Bxf4 9. gxf4 Nbd7 10. cxd5 exd5 11. Qxf5 Ne4 12. Qe6+ Kh8 13. Ng5 Ndf6 14. Qe5
Ng4 15. Ne6 Nxe5 16. Nxd8 Nc4 17. Rc1 Nxb2 18. a4 Rxd8 19. Rc2 Nxf2 20. Rxb2
Ne4 21. Bxe4 dxe4 22. e3 c5 23. dxc5 Rd1+ 24. Kf2 Rc1 25. Ra3 Rxc5 26. Nd2 Bf5
27. Rab3 b6 28. Rb4 Re8 29. Rd4 h6 30. Rb5 Re7 31. Rxc5 bxc5 32. Rc4 Rd7
1/2-1/2

[Event "Landsturneringen 2009, Mester"]
[Site "Bergen"]
[Date "2009.07.11"]
[Round "8"]
[White "Martinsen, Stig K."]
[Black "Aulin-Jansson, Jøran"]
[Result "1-0"]
[WhiteElo "2132"]
[BlackElo "2122"]
[PlyCount "77"]
[EventDate "2009.07.09"]
[EventType "swiss"]
[EventRounds "9"]
[EventCountry "NOR"]
[SourceDate "2009.07.06"]

1. d4 f5 2. c4 g6 3. g3 Nf6 4. Bg2 Bg7 5. Nf3 O-O 6. O-O d6 7. Nc3 Qe8 8. Re1
h6 9. e4 fxe4 10. Nxe4 Nxe4 11. Rxe4 g5 12. Bd2 Qh5 13. Qb3 Nc6 14. c5+ Kh8 15.
d5 Bf5 16. Ra4 Ne5 17. Nxe5 Bxe5 18. Bc3 Bf6 19. Re1 Qg6 20. Qxb7 Bxc3 21. bxc3
Qf6 22. Qb2 dxc5 23. Qd2 a6 24. h4 Rab8 25. Qe2 Qxc3 26. Rxa6 Rf6 27. Rxf6 exf6
28. hxg5 fxg5 29. Bf1 c4 30. Qe7 Bd3 31. Re5 Kg8 32. Qe6+ Kh7 33. Qf7+ Kh8 34.
Qf6+ Kg8 35. Rxg5+ hxg5 36. Qxc3 Rb1 37. a4 Rxf1+ 38. Kg2 g4 39. Qxd3 1-0

[Event "Landsturneringen 2009, Mester"]
[Site "Bergen"]
[Date "2009.07.11"]
[Round "8"]
[White "Moen, Ole Christian"]
[Black "Myhrvold, Rune"]
[Result "1-0"]
[WhiteElo "2205"]
[BlackElo "2103"]
[PlyCount "71"]
[EventDate "2009.07.09"]
[EventType "swiss"]
[EventRounds "9"]
[EventCountry "NOR"]
[SourceDate "2009.07.06"]

1. e4 c6 2. d4 d5 3. Nc3 dxe4 4. Nxe4 Nf6 5. Nxf6+ exf6 6. Bf4 Bd6 7. Qf3 O-O
8. Bd3 Be6 9. Ne2 Bd5 10. Qh3 g6 11. O-O Re8 12. Qg3 Bxf4 13. Nxf4 Be4 14. Rad1
Bxd3 15. Rxd3 Na6 16. c4 Qa5 17. a3 Qg5 18. b4 Re4 19. Nh3 Qxg3 20. hxg3 Rd8
21. Rfd1 Nc7 22. Kf1 b5 23. f3 bxc4 24. fxe4 cxd3 25. Rxd3 Nb5 26. d5 f5 27.
exf5 Rxd5 28. Rxd5 cxd5 29. a4 Nc3 30. a5 Kf8 31. Ng5 Ke7 32. Nf3 Kd6 33. Nd4
Na2 34. b5 Kc5 35. b6 axb6 36. a6 1-0

[Event "Landsturneringen 2009, Mester"]
[Site "Bergen"]
[Date "2009.07.11"]
[Round "8"]
[White "Stubberud, Ørnulf"]
[Black "Kovachev, Daniel Jakobsen"]
[Result "1-0"]
[WhiteElo "2200"]
[BlackElo "2239"]
[PlyCount "81"]
[EventDate "2009.07.09"]
[EventType "swiss"]
[EventRounds "9"]
[EventCountry "NOR"]
[SourceDate "2009.07.06"]

1. e4 e5 2. Nf3 Nc6 3. Bc4 Nf6 4. d3 h6 5. O-O d6 6. c3 g6 7. Re1 Bg7 8. Nbd2
O-O 9. Bb3 Kh8 10. Nf1 Nh7 11. Ng3 h5 12. h3 h4 13. Nf1 f5 14. Ne3 Nb8 15. Bc2
Re8 16. exf5 gxf5 17. d4 e4 18. Nh2 d5 19. Qh5 Rf8 20. f3 Bd7 21. fxe4 Be8 22.
Qe2 dxe4 23. Nxf5 Rxf5 24. Bxe4 Rf8 25. Bxb7 Bc6 26. Bxa8 Bxa8 27. Ng4 Qd5 28.
Bh6 Bxh6 29. Nxh6 Nd7 30. Rf1 Ndf6 31. Rf5 Qd7 32. Raf1 Qg7 33. Ng4 Re8 34. Re5
Rg8 35. Re7 Qg5 36. Qe5 Qxe5 37. dxe5 Nxg4 38. hxg4 Rxg4 39. Rff7 Kg8 40. Rxh7
Bxg2 41. Rxh4 1-0

[Event "Landsturneringen 2009, Mester"]
[Site "Bergen"]
[Date "2009.07.11"]
[Round "8"]
[White "Sørensen, Kristian"]
[Black "Pham, Toan Thanh"]
[Result "0-1"]
[WhiteElo "2030"]
[BlackElo "2054"]
[PlyCount "80"]
[EventDate "2009.07.09"]
[EventType "swiss"]
[EventRounds "9"]
[EventCountry "NOR"]
[SourceDate "2009.07.06"]

1. d4 d5 2. Nf3 Nf6 3. c4 c6 4. Nc3 dxc4 5. a4 Bf5 6. e3 e6 7. Bxc4 Bb4 8. O-O
O-O 9. Na2 Bd6 10. b4 a6 11. Ba3 Qe7 12. Qb3 Nbd7 13. Nc3 b5 14. Be2 e5 15.
Rfc1 e4 16. Nd2 Rfe8 17. h3 Nf8 18. Bf1 Ng6 19. g3 h5 20. Bg2 Qd7 21. h4 Qe7
22. Ne2 Nxh4 23. gxh4 Ng4 24. Nf1 Qxh4 25. Neg3 Be6 26. Qd1 Bd5 27. Qc2 Qg5 28.
Bxe4 Nxe3 29. fxe3 Bxe4 30. Qh2 h4 31. Kf2 Qf6+ 32. Ke1 hxg3 33. Qg1 Qg5 34.
Nd2 Bd5 35. Rc3 g2 36. Ke2 Qh5+ 37. Kd3 Qh7+ 38. Ke2 Qh5+ 39. Kd3 f5 40. Qf2
Bh2 0-1

[Event "Landsturneringen 2009, Mester"]
[Site "Bergen"]
[Date "2009.07.12"]
[Round "9"]
[White "Borchgrevink, Harald B"]
[Black "Skrondal, Inge Sandstad"]
[Result "1-0"]
[WhiteElo "2283"]
[BlackElo "2218"]
[PlyCount "123"]
[EventDate "2009.07.09"]
[EventType "swiss"]
[EventRounds "9"]
[EventCountry "NOR"]
[SourceDate "2009.07.06"]

1. d4 Nf6 2. Nf3 g6 3. Nc3 d5 4. Bf4 Bg7 5. Qd2 O-O 6. Bh6 Ne4 7. Nxe4 dxe4 8.
Bxg7 Kxg7 9. Ne5 Be6 10. h3 c5 11. e3 f6 12. Nc4 b5 13. Na3 cxd4 14. Nxb5 Nc6
15. Nxd4 Nxd4 16. exd4 Qb6 17. c3 f5 18. d5 Bf7 19. c4 Qf6 20. Rc1 Rfb8 21. Rc3
f4 22. b3 a5 23. Be2 a4 24. O-O axb3 25. axb3 Ra2 26. Qxa2 Qxc3 27. Bd1 g5 28.
Qa7 Re8 29. Qd7 Bg6 30. Qe6 Qf6 31. Bg4 Rb8 32. Rb1 e3 33. Qxf6+ Kxf6 34. Rb2
Ke5 35. fxe3 fxe3 36. Kf1 Kd4 37. Bd1 Kc3 38. Ra2 Bd3+ 39. Ke1 Rf8 40. Bf3 Kxb3
41. Ra7 Kxc4 42. Rxe7 Rd8 43. Rxe3 Kd4 44. Kf2 Bc4 45. Re4+ Kc5 46. Re5 h6 47.
Kg3 Kd4 48. Rf5 Rd6 49. Kg4 Bd3 50. Rf8 Bc4 51. Kh5 Bxd5 52. Bxd5 Kxd5 53. Rh8
g4 54. hxg4 Ke5 55. Rxh6 Rd2 56. g3 Rg2 57. Kh4 Rg1 58. g5 Rg2 59. Kg4 Rg1 60.
Ra6 Rh1 61. Rb6 Rh2 62. g6 1-0

[Event "Landsturneringen 2009, Mester"]
[Site "Bergen"]
[Date "2009.07.12"]
[Round "9"]
[White "Danielsen, Magnus"]
[Black "Johansen, Paul"]
[Result "0-1"]
[WhiteElo "1988"]
[BlackElo "2052"]
[PlyCount "30"]
[EventDate "2009.07.09"]
[EventType "swiss"]
[EventRounds "9"]
[EventCountry "NOR"]
[SourceDate "2009.07.06"]

1. e4 c6 2. d4 d5 3. f3 dxe4 4. fxe4 e5 5. Nf3 exd4 6. Bc4 Bc5 7. O-O Nf6 8.
Ng5 O-O 9. Nxf7 Qe7 10. Ng5+ Kh8 11. Nf7+ Rxf7 12. Bxf7 Bg4 13. Qd3 Be2 14. Qh3
d3+ 15. Rf2 Ng4 0-1

[Event "Landsturneringen 2009, Mester"]
[Site "Bergen"]
[Date "2009.07.12"]
[Round "9"]
[White "Hobber, Anders"]
[Black "Haarr, Jon Kristian"]
[Result "0-1"]
[WhiteElo "2056"]
[BlackElo "2128"]
[PlyCount "102"]
[EventDate "2009.07.09"]
[EventType "swiss"]
[EventRounds "9"]
[EventCountry "NOR"]
[SourceDate "2009.07.06"]

1. d4 d5 2. c4 c6 3. Nf3 Nf6 4. e3 e6 5. Nbd2 Nbd7 6. b3 Bb4 7. Bb2 Ne4 8. a3
Bd6 9. Bd3 f5 10. Ne5 O-O 11. O-O Qh4 12. f4 Ndf6 13. Nxe4 Nxe4 14. Bxe4 fxe4
15. Qg4 Qe7 16. c5 Bxe5 17. fxe5 Rf5 18. Rac1 Bd7 19. Rf2 Rxf2 20. Kxf2 Be8 21.
Kg1 Bg6 22. h4 Bf5 23. Qg5 Qxg5 24. hxg5 Kf7 25. Rf1 Kg6 26. Bc3 Kxg5 27. b4 a6
28. a4 h5 29. Be1 Kh6 30. a5 g5 31. g3 Kg6 32. Kh2 Rh8 33. Rf2 h4 34. gxh4
Rxh4+ 35. Kg1 Rh3 36. Bd2 Rf3 37. Re2 Bh3 38. Rf2 Kf5 39. Rxf3+ exf3 40. Be1
Ke4 41. Bf2 Kd3 42. Kh2 Bg4 43. Kg3 Bh5 44. Be1 Ke2 45. Bf2 Kf1 46. e4 dxe4 47.
Be3 Ke2 48. Bxg5 f2 49. Kh2 f1=Q 50. b5 Kf3 51. Bf6 Qg2# 0-1

[Event "Landsturneringen 2009, Mester"]
[Site "Bergen"]
[Date "2009.07.12"]
[Round "9"]
[White "Karlsen, Terje"]
[Black "Mihajlov, Svetoslav"]
[Result "0-1"]
[WhiteElo "2045"]
[BlackElo "2058"]
[PlyCount "36"]
[EventDate "2009.07.09"]
[EventType "swiss"]
[EventRounds "9"]
[EventCountry "NOR"]
[SourceDate "2009.07.06"]

1. e4 e5 2. f4 exf4 3. Bc4 g5 4. h4 d5 5. Bxd5 g4 6. d4 Bh6 7. Nc3 Nf6 8. g3
Nh5 9. Nge2 c6 10. Bb3 Nxg3 11. Nxg3 fxg3 12. Bxh6 g2 13. Rg1 Qxh4+ 14. Kd2
Qxh6+ 15. Kd3 Qh3+ 16. Kd2 f5 17. Qe2 f4 18. Qc4 Qe3+ 0-1

[Event "Landsturneringen 2009, Mester"]
[Site "Bergen"]
[Date "2009.07.12"]
[Round "9"]
[White "Kovachev, Daniel Jakobsen"]
[Black "Bjerke, Silje"]
[Result "1/2-1/2"]
[WhiteElo "2239"]
[BlackElo "2233"]
[PlyCount "109"]
[EventDate "2009.07.09"]
[EventType "swiss"]
[EventRounds "9"]
[EventCountry "NOR"]
[SourceDate "2009.07.06"]

1. f4 d5 2. Nf3 Nf6 3. g3 g6 4. Bg2 Bg7 5. O-O O-O 6. d3 Nc6 7. c3 Qd6 8. Kh1
Nh5 9. d4 Bf5 10. Nbd2 Nf6 11. h3 Be4 12. e3 e6 13. Qe2 Ne7 14. g4 c5 15. Ne5
Bxg2+ 16. Kxg2 cxd4 17. exd4 Qc7 18. Ndf3 Nc8 19. f5 exf5 20. gxf5 Nh5 21. Ng5
Nd6 22. Bd2 Nc4 23. fxg6 hxg6 24. Rxf7 Rxf7 25. Ngxf7 Re8 26. Qd3 Nxe5 27. Nxe5
Bxe5 28. Qxg6+ Qg7 29. Qxg7+ Bxg7 30. Kf3 Nf6 31. Rg1 Kf7 32. Bf4 Ne4 33. h4
Rh8 34. Rh1 Kg6 35. c4 Nf6 36. cxd5 Rf8 37. Be5 Nxd5+ 38. Ke4 Bxe5 39. dxe5 Ne7
40. Rd1 Rf2 41. Rd7 Re2+ 42. Kd3 Rxe5 43. Rxb7 Nc6 44. b4 Rh5 45. b5 Nb4+ 46.
Kc4 Rxh4+ 47. Kb3 Nxa2 48. Kxa2 Rb4 49. Ka3 Rb1 50. Ka4 Kf6 51. Rd7 Ke6 52. Rd2
Ra1+ 53. Kb4 Rb1+ 54. Kc5 Rc1+ 55. Kb4 1/2-1/2

[Event "Landsturneringen 2009, Mester"]
[Site "Bergen"]
[Date "2009.07.12"]
[Round "9"]
[White "Lillevold, Frode"]
[Black "Thorstensen, Trond"]
[Result "1/2-1/2"]
[WhiteElo "2102"]
[BlackElo "2264"]
[PlyCount "74"]
[EventDate "2009.07.09"]
[EventType "swiss"]
[EventRounds "9"]
[EventCountry "NOR"]
[SourceDate "2009.07.06"]

1. d4 Nf6 2. c4 e6 3. Nc3 d5 4. Nf3 c6 5. Bg5 Nbd7 6. e3 Bd6 7. Bd3 h6 8. Bh4
dxc4 9. Bxc4 b5 10. Bd3 Qb6 11. O-O Bb7 12. Rc1 Rc8 13. Bg3 Be7 14. Ne5 O-O 15.
Bh4 Rfe8 16. Nxd7 Nxd7 17. Bxe7 Rxe7 18. b4 e5 19. d5 Rd8 20. d6 Re6 21. Bf5
Rf6 22. Bxd7 Rxd7 23. Ne4 Rg6 24. Rc5 f5 25. Qh5 Kh7 26. Qxf5 Bc8 27. Qxe5 Rf7
28. Qe8 Be6 29. Rxc6 Qb7 30. Nc5 Bd5 31. Nxb7 Rxg2+ 32. Kh1 Rgxf2+ 33. e4 Rxf1+
34. Kg2 R1f2+ 35. Kg1 Rf1+ 36. Kg2 R1f2+ 37. Kg1 Rf1+ 1/2-1/2

[Event "Landsturneringen 2009, Mester"]
[Site "Bergen"]
[Date "2009.07.12"]
[Round "9"]
[White "Martinsen, Stig K."]
[Black "Ferkingstad, Sjur"]
[Result "1-0"]
[WhiteElo "2132"]
[BlackElo "2111"]
[PlyCount "71"]
[EventDate "2009.07.09"]
[EventType "swiss"]
[EventRounds "9"]
[EventCountry "NOR"]
[SourceDate "2009.07.06"]

1. d4 f5 2. g3 g6 3. Bg2 Nf6 4. Nd2 d5 5. Nh3 Be6 6. Nf3 Ne4 7. c3 Nc6 8. Qb3
b6 9. Nf4 Bg8 10. h4 Bg7 11. h5 Qd6 12. Nd3 O-O-O 13. Bf4 Qe6 14. Qa4 Bf7 15.
Nde5 Na5 16. Nxf7 Qxf7 17. b4 Nc4 18. Qxa7 e6 19. a4 Qe7 20. Rc1 g5 21. Ne5
Nxe5 22. Bxe5 Bxe5 23. dxe5 Kd7 24. Qa6 Ke8 25. Qd3 Kf7 26. O-O c5 27. Bxe4
dxe4 28. Qb5 Qc7 29. Rfd1 e3 30. a5 Qxe5 31. axb6 exf2+ 32. Kxf2 f4 33. Qxc5
fxg3+ 34. Kg1 Qxe2 35. Qc7+ Kf6 36. Rf1+ 1-0

[Event "Landsturneringen 2009, Mester"]
[Site "Bergen"]
[Date "2009.07.12"]
[Round "9"]
[White "Olsen, Anders"]
[Black "Gandrud, Vegar Koi"]
[Result "1/2-1/2"]
[WhiteElo "2011"]
[BlackElo "2151"]
[PlyCount "80"]
[EventDate "2009.07.09"]
[EventType "swiss"]
[EventRounds "9"]
[EventCountry "NOR"]
[SourceDate "2009.07.06"]

1. e4 c5 2. Nc3 Nc6 3. f4 g6 4. Nf3 Bg7 5. Bb5 Nd4 6. O-O e6 7. d3 Ne7 8. Nxd4
Bxd4+ 9. Kh1 O-O 10. Ne2 Bg7 11. c3 a6 12. Ba4 d5 13. Qe1 b5 14. Bc2 Bb7 15.
Qf2 Rc8 16. e5 f6 17. exf6 Bxf6 18. d4 Nf5 19. Bxf5 exf5 20. Be3 Re8 21. Rfe1
Bh4 22. g3 Bf6 23. Ng1 b4 24. Nf3 a5 25. Ne5 Bxe5 26. fxe5 Rxe5 27. Bf4 Re4 28.
Be5 cxd4 29. cxd4 Ba6 30. Qd2 Qe7 31. Rac1 Rxe1+ 32. Qxe1 Qd7 33. Qd2 Rxc1+ 34.
Qxc1 Qa4 35. a3 Qb3 36. h4 Qf3+ 37. Kh2 Qf2+ 38. Kh1 f4 39. Bxf4 g5 40. Be5
Qf1+ 1/2-1/2

[Event "Landsturneringen 2009, Mester"]
[Site "Bergen"]
[Date "2009.07.12"]
[Round "9"]
[White "Thanke, Bror"]
[Black "Stubberud, Ørnulf"]
[Result "1-0"]
[WhiteElo "2120"]
[BlackElo "2200"]
[PlyCount "77"]
[EventDate "2009.07.09"]
[EventType "swiss"]
[EventRounds "9"]
[EventCountry "NOR"]
[SourceDate "2009.07.06"]

1. e4 c5 2. Nf3 e6 3. c3 Nf6 4. e5 Nd5 5. d4 cxd4 6. cxd4 b6 7. Nc3 Nxc3 8.
bxc3 Qc7 9. Bd2 Bb7 10. Bd3 d6 11. O-O Nd7 12. Re1 dxe5 13. Nxe5 Nxe5 14. Rxe5
Bd6 15. Rh5 g6 16. Bb5+ Kf8 17. Rh3 Bf4 18. Qc1 Bxd2 19. Qxd2 h5 20. Re1 Kg7
21. Bd3 Rac8 22. Bb1 Qd8 23. Rhe3 Qg5 24. f4 Qd5 25. h4 Rc7 26. Rg3 Qd8 27. Re5
Rc5 28. Bxg6 Rxe5 29. Bc2+ Kf8 30. fxe5 Qxh4 31. Qf2 Ke7 32. Bb3 Rc8 33. Bxe6
Kxe6 34. Rg6+ fxg6 35. Qxh4 Rf8 36. c4 b5 37. d5+ Kd7 38. e6+ Kd6 39. Qg3+ 1-0

[Event "Landsturneringen 2009, Mester"]
[Site "Bergen"]
[Date "2009.07.12"]
[Round "9"]
[White "Vea, Odin Blikra"]
[Black "Andreassen, Arnold"]
[Result "1-0"]
[WhiteElo "2139"]
[BlackElo "2040"]
[PlyCount "85"]
[EventDate "2009.07.09"]
[EventType "swiss"]
[EventRounds "9"]
[EventCountry "NOR"]
[SourceDate "2009.07.06"]

1. e4 c5 2. Nf3 d6 3. Bb5+ Bd7 4. Bxd7+ Nxd7 5. d4 Ngf6 6. Nc3 e6 7. O-O cxd4
8. Qxd4 a6 9. Bg5 Be7 10. Rad1 Qc7 11. Bh4 Ne5 12. Nxe5 dxe5 13. Qa4+ Qc6 14.
Qxc6+ bxc6 15. Bxf6 gxf6 16. Na4 Rd8 17. Rfe1 O-O 18. b3 Kg7 19. Kf1 Kg6 20.
Ke2 f5 21. exf5+ exf5 22. Rxd8 Rxd8 23. Rd1 Rxd1 24. Kxd1 e4 25. Ke2 Bd6 26. h3
f4 27. c4 f5 28. c5 Be7 29. b4 Kf7 30. Nb6 Ke6 31. f3 Bf6 32. Nc4 Bc3 33. a3
Kd5 34. Nd6 Ke6 35. fxe4 fxe4 36. Nxe4 Bb2 37. a4 Ba3 38. Kd3 Bxb4 39. Kc4 Be1
40. Ng5+ Ke7 41. Nf3 Bf2 42. Ne5 Kf6 43. Ng4+ 1-0